Carlos Alfonzo (Record no. 10939)

MARC details
000 -CABECERA
campo de control de longitud fija 01040nam a22002417a 4500
001 - NÚMERO DE CONTROL
campo de control BRCA_9317
003 - IDENTIFICADOR DEL NÚMERO DE CONTROL
campo de control FranzMayer
005 - FECHA Y HORA DE LA ÚLTIMA TRANSACCIÓN
campo de control 20230918115700.0
008 - DATOS DE LONGITUD FIJA--INFORMACIÓN GENERAL
campo de control de longitud fija 230816b |||||||| |||| 00| 0 eng d
020 ## - NÚMERO INTERNACIONAL ESTÁNDAR DEL LIBRO
Número Internacional Estándar del Libro 0295976810
040 ## - FUENTE DE LA CATALOGACIÓN
Centro catalogador/agencia de origen MFM
Lengua de catalogación esp
Centro/agencia transcriptor MFM
050 #0 - SIGNATURA TOPOGRÁFICA DE LA BIBLIOTECA DEL CONGRESO
Número de clasificación N6603.2
Número de documento/Ítem V57 1998
100 1# - ENTRADA PRINCIPAL--NOMBRE DE PERSONA
Código de función/relación Autor
Nombre de persona Viso, Olga M.
9 (RLIN) 29063
240 ## - TÍTULO UNIFORME
Título uniforme Carlos Alfonzo
Medio Triumph of the Spirit Carlos Alfonzo a Survey 1975-1991
Lenguaje de la obra inglés/español
245 ## - MENCIÓN DE TÍTULO
Título Carlos Alfonzo
Resto del título Triumph of the Spirit Carlos Alfonzo a Survey 1975-1991
260 ## - PUBLICACIÓN, DISTRIBUCIÓN, ETC.
Lugar de publicación, distribución, etc. Washington, D.C.
Nombre del editor, distribuidor, etc. University of Wahington Press, Seattle
Fecha de publicación, distribución, etc. 1998
300 ## - DESCRIPCIÓN FÍSICA
Extensión 169
Otras características físicas Ilustraciones a color
Dimensiones 30 cm
500 ## - NOTA GENERAL
Nota general Anexo 1
505 ## - NOTA DE CONTENIDO CON FORMATO
Nota de contenido con formato Texto en: inglés y españolIncluye índice temáticoBibliografía: 159-164 pp.Dirigido a: Artistas, historiadores, o cualquier persona con interés en los movimientos artísticos en Cuba
650 1# - PUNTO DE ACCESO ADICIONAL DE MATERIA--TÉRMINO DE MATERIA
Fuente del encabezamiento o término Arte visual
Término de materia o nombre geográfico como elemento de entrada Historia del arte
Subdivisión de forma Arte en América
9 (RLIN) 29064
651 2# - PUNTO DE ACCESO ADICIONAL DE MATERIA--NOMBRE GEOGRÁFICO
Fuente del encabezamiento o término Arte latinoamericano
Nombre geográfico Arte cubano
Subdivisión de forma Siglo XX
9 (RLIN) 29065
942 ## - ELEMENTOS DE PUNTO DE ACCESO ADICIONAL (KOHA)
Fuente del sistema de clasificación o colocación Library of Congress Classification
Tipo de ítem Koha Libros
Holdings
Estado de retiro Estado de pérdida Fuente del sistema de clasificación o colocación Estado dañado No para préstamo Código de colección Localización permanente Ubicación/localización actual Fecha de adquisición Fuente de adquisición Total de préstamos Signatura topográfica completa Código de barras Fecha visto por última vez Precio válido a partir de Tipo de ítem Koha
El ejemplar forma parte de la colección y puede ser consultado según las políticas vigentes.   Library of Congress Classification     Fondo Contemporáneo Biblioteca del Museo Franz Mayer (Rogerio Casas-Alatriste) Biblioteca del Museo Franz Mayer (Rogerio Casas-Alatriste) 16/08/2023 Donación   N6603.2 V57 1998 CONT10073 16/08/2023 16/08/2023 Libros